[Event "XX Sant Marti Open 2018"]
[Site "Sant Marti"]
[Date "2018.07.21"]
[Round "9"]
[White "Fernandez Cardoso, Alexey"]
[Black "Frayna, Janelle Mae"]
[Result "1/2-1/2"]
[WhiteElo "2439"]
[BlackElo "2315"]
[Annotator "TA"]
[PlyCount "77"]
[EventDate "2018.07.13"]
[EventType "swiss"]
[EventCountry "ESP"]
[SourceTitle "playchess.com"]
[Source "ChessBase"]
[SourceQuality "1"]

{[%evp 9,77,18,24,29,47,40,34,48,43,15,58,59,50,32,54,48,48,41,30,39,44,33,29,40,42,6,26,25,16,0,0,0,0,0,0,0,0,-13,-25,-41,-47,-83,-83,-206,-204,-381,-177,-175,-133,-141,-151,-145,-140,-143,-99,-197,-197,-196,-200,-180,-196,-203,-195,-195,-198,-189,-207,-204,0,0]} 1. e4 g6 2. d4 Bg7 3. Nc3 d6 4. h3 a6 5. a4 Nf6 {LiveBook: 34 Games} 6. Nge2 {B06: Modern Defence} (6. Be3 Nc6 7. Nf3 O-O 8. Bc4 e6 9. d5 Nb4 10. O-O a5 11. Re1 e5 12. Qd2 Ne8 13. Ng5 h6 14. Nf3 Kh7 15. Nh2 Nf6 {0-1 (27) Golubka,P (2503)-Onischuk,V (2632) Batumi 2018}) 6... h5 $146 ({Predecessor:} 6... O-O 7. g3 e5 8. Bg2 Nc6 9. Be3 exd4 10. Nxd4 Ne5 11. O-O Nc4 12. Bc1 Rb8 13. Qe2 Nb6 14. Rd1 Re8 15. Be3 Qe7 16. a5 Nbd7 17. Nb3 Ne5 18. f4 {1-0 (63) Dauletova,G (2235)-Heinatz,G (2228) Khanty-Mansiysk 2010}) 7. g3 O-O 8. Bg2 {White is slightly better.} e5 9. O-O Nbd7 10. dxe5 dxe5 11. Be3 Qe7 12. a5 Rd8 13. Qc1 b5 14. axb6 cxb6 15. Nd5 Nxd5 16. exd5 {d6! is the strong threat.} Rb8 17. c4 Nc5 18. Qc3 a5 19. b4 axb4 20. Qxb4 Bf5 21. Nc3 Qd7 22. Kh2 Bd3 23. Rfd1 e4 24. Ra2 Be5 25. Nb5 Ra8 $1 {[%cal Ra8a2]} 26. Rdd2 (26. Rxa8 $17 Rxa8 27. Nc3) 26... h4 $1 $19 27. Bd4 $2 (27. d6) 27... hxg3+ (27... Bxd4 $142 28. Nxd4 e3 $1 {[%mdl 512]} 29. Rxa8 Rxa8 30. Rxd3 Nxd3) 28. fxg3 Qe7 {Hoping for ...e3!} 29. d6 Qg5 30. Bxe5 Qxe5 31. Rxa8 Rxa8 32. Nc7 {[#]} (32. Nc3 $17) 32... Rd8 $1 33. Qxb6 Rxd6 ({Weaker is} 33... Bxc4 34. Nd5 $11) 34. Qb8+ Kh7 35. Qf8 Rd7 36. Nd5 {Strongly threatening Rf2.} e3 {[%cal Be4e3,Be3e2][%mdl 32]} 37. Rd1 e2 ({Less strong is} 37... Bxc4 38. Qxc5 Bxd5 39. Bxd5 $15 (39. Rxd5 $2 Rxd5 40. Qa7 Rd8 $19)) 38. Re1 Bxc4 $2 (38... Ne6 $19 39. Qe8 Ra7) 39. Qxc5 {Precision: White = 54%, Black = 64%.} 1/2-1/2

[Event "XX Sant Marti Open 2018"]
[Site "Sant Marti"]
[Date "2018.07.21"]
[Round "9"]
[White "Smirnov, Artem"]
[Black "Krysa, Leandro"]
[Result "0-1"]
[WhiteElo "2405"]
[BlackElo "2533"]
[Annotator "TA"]
[PlyCount "112"]
[EventDate "2018.07.13"]
[EventType "swiss"]
[EventCountry "ESP"]
[SourceTitle "playchess.com"]
[Source "ChessBase"]
[SourceQuality "1"]

{[%evp 18,112,15,2,11,6,12,10,12,0,0,0,26,13,25,14,23,22,22,21,105,76,100,100,93,83,114,112,141,128,148,139,135,123,167,155,175,164,166,154,243,243,258,243,236,178,172,172,170,158,176,159,137,159,196,194,166,161,150,51,120,62,91,-45,-38,-167,-111,-210,-184,-291,-262,-248,-232,-704,-687,-663,-635,-759,-745,-741,-681,-822,-246,-1601,-1279,-889,-831,-1997,-1804,-3401,-3533,-3103,-2652,-29979,-29980,-29982,-29983]} 1. d4 Nf6 2. c4 g6 3. Nc3 d5 4. cxd5 Nxd5 5. e4 Nxc3 6. bxc3 Bg7 7. Nf3 c5 8. h3 O-O 9. Be3 {D85: Exchange Grünfeld: Unusual White 7th moves and lines with 7 Nf3} Qa5 10. Bd2 {LiveBook: 18 Games} Qc7 (10... cxd4 11. cxd4 Qa3 12. Be2 Nc6 13. d5 Nd4 14. Nxd4 Bxd4 15. Rb1 Qxa2 16. O-O Bf6 {1-0 (25) Yu,Y (2759)-Svidler,P (2753) Shenzhen 2018}) 11. Rc1 {The position is equal.} e6 {[%cal Be7e6,Be6e5][%mdl 32]} 12. Bd3 $146 ({Predecessor:} 12. Be2 Nc6 13. O-O b6 14. Be3 Na5 15. Qd2 {1-0 (33) Quintiliano Pinto,R (2431)-Oswaldo Valentin,R (2237) Lima 2018}) 12... b6 13. O-O Bb7 14. Be3 Nd7 15. Re1 Rac8 16. Qd2 e5 17. Bh6 $36 {[%mdl 2048] White has good play.} Qd6 {[%cal Rc5d4]} 18. Bc4 Rce8 (18... cxd4 $11 19. cxd4 Rfd8) 19. Bb5 exd4 20. Bf4 Qe7 21. cxd4 Rd8 22. d5 {Threatens to win with e5.} a6 23. Bf1 $1 Ne5 24. Nxe5 Bxe5 25. a4 Bd4 26. Rb1 Rfe8 27. Bc4 ({Don't take} 27. Rxb6 $6 Bxd5 28. Bxa6 Qa7 $14) 27... Qf6 28. Bg5 Qd6 (28... Bxf2+ $16 29. Qxf2 Qxg5) 29. Bxd8 $18 Rxd8 30. Qd3 Ra8 31. Re2 Bc8 32. Kh1 Kg7 33. Rf1 g5 34. Qg3 Qxg3 35. fxg3 Bd7 36. d6 Be6 37. Bxe6 fxe6 {[%mdl 4096] Endgame KRR-KRB} 38. h4 (38. e5 $16) 38... b5 ({Black should try} 38... e5 $1 $14) 39. hxg5 (39. e5 $1 $16) 39... b4 40. Rb1 (40. e5 $16) 40... e5 $15 41. g4 (41. Kh2 $15) 41... Rd8 (41... a5 $1 $19 42. g3 c4) 42. Kh2 (42. a5 $17 {was worth a try.}) 42... Rxd6 $19 43. Rc2 (43. Kg3 $142) 43... Kg6 44. Kg3 Kxg5 45. Rh1 $2 (45. a5) 45... b3 {[%cal Bb4b3,Bb3b2][%mdl 32]} 46. Rcc1 b2 47. Rh5+ Kg6 $1 48. Rch1 {[#]} Be3 $1 49. Rb1 Bf4+ $2 (49... Rd3 {White must now prevent ...c4.} 50. Kf3 Bg5+ 51. Kf2 Rd2+ 52. Kg3 c4) 50. Kf3 $2 (50. Kh4 Rd2 51. g5) 50... Rd3+ 51. Ke2 {[#]} Rd2+ $1 52. Kf3 c4 {[%cal Bc5c4,Bc4c3][%mdl 32]} 53. g3 Bg5 54. Rhh1 c3 55. a5 Rc2 56. Rhd1 Rc1 {Precision: White = 38%, Black = 62%.} 0-1

[Event "XX Sant Marti Open 2018"]
[Site "Sant Marti"]
[Date "2018.07.21"]
[Round "9"]
[White "Mitrabha, Guha"]
[Black "Cuartas, Jaime Alexander"]
[Result "1/2-1/2"]
[WhiteElo "2299"]
[BlackElo "2508"]
[Annotator "TA"]
[PlyCount "145"]
[EventDate "2018.07.13"]
[EventType "swiss"]
[EventCountry "ESP"]
[SourceTitle "playchess.com"]
[Source "ChessBase"]
[SourceQuality "1"]

{[%evp 26,145,7,7,7,0,0,0,0,0,0,0,7,-2,0,0,0,-4,0,0,0,-6,0,0,0,0,0,-12,-12,-12,-17,-18,-12,-12,-12,-18,-18,-18,-18,-18,-18,-23,-18,-23,-18,-23,-18,-23,-22,-22,-12,-22,-12,-22,-12,-12,-12,-12,-12,-12,-12,-12,-12,-12,-12,-12,-12,-12,-12,-12,-12,-12,-12,-12,-12,-12,-12,-12,-12,-12,-12,-12,0,-12,-12,-12,-12,-12,-12,-12,0,-12,0,-12,-12,-12,-12,-15,-12,-12,-12,-12,-12,-37,-37,-37,-37,-37,-37,-37,-37,-37,-37,-37,-37,-37,0,-37,0,-37,0,0]} 1. d4 d5 2. c4 dxc4 3. Nf3 Nf6 4. e3 a6 5. Bxc4 e6 6. O-O c5 7. dxc5 Qxd1 8. Rxd1 Bxc5 9. Be2 Nbd7 10. b3 b6 11. Bb2 Bb7 12. Nbd2 O-O {D27: Queen's Gambit Accepted: Classical main line: 7 e4!? and 7 a4} 13. Ne5 (13. Rac1 Rfd8 14. Nc4 Bd5 15. Bd4 Rac8 16. Bxc5 Rxc5 17. Nce5 Bxf3 18. Nxf3 Rxc1 19. Rxc1 a5 20. Rc6 {½-½ (40) Nepomniachtchi,I (2705)-Nakamura,H (2816) Baku 2015}) 13... Nxe5 14. Bxe5 {LiveBook: 3 Games} Rfd8 15. Bf3 $146 ({Predecessor:} 15. Bxf6 gxf6 16. Bf3 Bxf3 17. Nxf3 Kf8 18. Kf1 Ke7 19. Ke2 Rxd1 20. Rxd1 {½-½ (31) Mohr,G (2492)-Stevic,H (2621) Austria 2011}) 15... Bxf3 16. Nxf3 Kf8 17. Kf1 Ne4 18. Rac1 f6 19. Bb2 e5 20. Ke2 Rxd1 21. Rxd1 Ke7 22. Nd2 Nd6 23. Rc1 Rd8 24. Nc4 Ke6 25. Nxd6 Rxd6 26. Rd1 Rxd1 27. Kxd1 $11 {[%mdl 4096] Endgame KB-KB} Kd5 28. Ke2 e4 29. Bc3 b5 30. Bb2 h5 31. h3 Be7 32. Bc3 g6 33. g3 Bd8 34. Bb2 a5 35. Bc3 a4 36. Kd1 axb3 37. axb3 Ke6 38. Ke2 Bc7 39. Bb4 Kf5 40. Bc5 g5 41. Be7 Ke6 42. Bc5 f5 43. Bb4 $1 Bd8 44. Bf8 Kf7 45. Bb4 Kg6 46. Bd6 Bf6 47. Kf1 Bc3 48. Ke2 Kf7 49. Bc5 Ke6 50. Bf8 Kd7 51. Kd1 Ba5 52. Bc5 Bc7 53. Ke2 Ke6 54. Bb4 Be5 55. Bf8 Kf7 56. Bc5 Bf6 57. Bd6 Kg6 58. Kf1 Kf7 59. Ke2 Ke6 60. Bb4 Kd5 61. Bf8 Bd8 62. Bb4 Bb6 63. Be7 g4 64. h4 Bc5 65. Bf6 Bb4 66. Bg7 Kc6 67. Bf6 Kc7 68. Be5+ Kb6 69. Bf6 Ka6 70. Be5 Ka5 71. Bc7+ Ka6 72. Be5 Ka5 73. Bc7+ {Precision: White = 65%, Black = 65%.} 1/2-1/2

[Event "XX Sant Marti Open 2018"]
[Site "Sant Marti"]
[Date "2018.07.21"]
[Round "9"]
[White "Glimbrant, Torbjorn"]
[Black "Miciano, John Marvin"]
[Result "1/2-1/2"]
[WhiteElo "2213"]
[BlackElo "2411"]
[Annotator "TA"]
[PlyCount "105"]
[EventDate "2018.07.13"]
[EventType "swiss"]
[EventCountry "ESP"]
[SourceTitle "playchess.com"]
[Source "ChessBase"]
[SourceQuality "1"]

{[%evp 20,105,48,22,18,23,27,10,8,15,8,14,18,6,8,0,0,0,0,-7,-3,-8,-7,-8,-17,-12,-2,0,0,0,6,0,19,0,82,82,82,82,82,82,82,82,82,70,82,82,82,82,145,74,81,81,106,92,93,93,95,24,113,100,177,175,167,174,176,171,169,0,0,0,0,0,0,0,0,0,0,0,0,0,0,0,0,0,0,0,0,0]} 1. Nf3 g6 2. e4 d6 3. d4 Nf6 4. Nc3 Bg7 5. h3 O-O 6. Be3 c6 7. a4 Qa5 8. Qd2 Nbd7 9. Bd3 e5 10. O-O Re8 {B08: Pirc Defence: Classical System} 11. dxe5 {LiveBook: 4 Games} (11. Bc4 {looks sharper.} Nb6 12. Ba2 Be6 13. dxe5 dxe5 14. Bxe6 Rxe6 15. Nd5) 11... Nxe5 12. Nxe5 dxe5 {White has an edge.} 13. Nd5 $146 ({Predecessor:} 13. Bc4 Qb4 14. b3 Be6 15. Bxe6 Rxe6 16. f3 Rd6 17. Qe1 Rd7 18. a5 {1-0 (54) Durarbayli,V (2596)-Petrosian,T (2593) Chicago 2016}) 13... Qxd2 14. Nxf6+ Bxf6 15. Bxd2 Be6 16. a5 Be7 17. Ra4 Red8 18. Be3 Kg7 19. Bc4 (19. f3 {with more complications.} Rd7 20. Raa1 h5 21. Rad1 a6 22. Kf2) 19... Bxc4 20. Rxc4 a6 21. g3 Rd7 22. Kg2 Rad8 23. Bb6 Re8 24. Re1 Bg5 25. h4 Bd8 26. Rb4 Rd2 (26... Be7 $11 27. Rb3 Bd8) 27. Bxd8 $16 Rexd8 28. Rxb7 Rxc2 {[%mdl 4096] Endgame KRR-KRR} 29. Re3 $1 Rc5 30. Rf3 Rf8 31. Rc3 Rxa5 32. Rxc6 Ra4 33. Kf3 Kg8 (33... h5 $142) 34. b3 (34. Rc5 $142) 34... Ra2 35. Rcc7 Rb2 36. b4 Kg7 37. Re7 Kf6 {[#]} 38. g4 (38. Red7 $1 $16) 38... h6 (38... Rb3+ $11 {remains equal.} 39. Kg2 g5) 39. Rec7 g5 (39... Rb1 $16) 40. Rb6+ $18 Kg7 41. hxg5 ({Inferior is} 41. Rxa6 gxh4 42. Re6 Rd8 $11) 41... hxg5 {[#]} 42. Re7 $1 ({Worse is} 42. Rxa6 Rb3+ 43. Ke2 Rxb4 $14) 42... Rh8 43. Rbb7 $2 ({Resist} 43. Rxa6 $6 Rb3+ 44. Ke2 Rb2+ 45. Kd3 Rxb4 $16) (43. Rxe5 $18 Rh2 44. Rxg5+ Kf8 45. Rxa6) 43... Rb3+ $1 $11 {The position is equal.} 44. Kg2 Rh4 $1 {[%cal Rh4g4]} 45. Rxf7+ Kg6 46. Rg7+ Kf6 47. Rgf7+ Ke6 48. Rfe7+ Kf6 49. Rf7+ Ke6 50. Rfe7+ Kd6 51. Red7+ Ke6 52. Re7+ Kf6 53. Rf7+ {Precision: White = 51%, Black = 65%.} 1/2-1/2